00653nam a22002297a 450000500170000001000130001702000100003003500130004003700160005304000120006908200130008110000190009424500880011326000330020127000110023430000270024550000510027265000330032365000260035670000190038270000220040120170124110030.0 aA-408601 c00.00 aA-408601 bCen Lib/Ret aDPLbEN a540bSER aSergeev, G. B. aCryochemistry /cby G. B. Sergeev [and] V. A. Batyuk; translated by B. V. Kuznetsov aMoscowbMir Publishersc1981 bMoscow a316p.:c21cm(Hb)bill. aIncludes bibliographical references and index  aHomogeneous and Hetrogeneous aBiochemical reactions a Batyu, V. A.  aKuznetsov, B. V.